| 000 | 00634nam a22002297a 4500 | ||
|---|---|---|---|
| 003 | KOHA_MİRAKIL | ||
| 005 | 20260428091616.0 | ||
| 008 | 260427b tu ||||| |||| 00| 0 tur d | ||
| 020 | _a9789750749025 | ||
| 040 |
_aTR-AnABB _btur _cTR-AnABB |
||
| 041 | _atur | ||
| 082 |
_a813.42 _bYUC 2022 |
||
| 100 | 1 | _aYücel, Tahsin | |
| 245 | 1 | 0 |
_aGökdelen / _cTahsin Yücel |
| 250 | _a16. baskı | ||
| 260 |
_aİstanbul : _bCan Sanat Yayınları, _c2022 |
||
| 300 |
_a335 sayfa ; _c20 cm |
||
| 500 | _a2007 Balkanika ödülü | ||
| 650 | 0 | 4 | _aTürk edebiyatı, roman |
| 900 | _bCan ÇELIK | ||
| 942 |
_2ddc _cBK |
||
| 999 |
_c10355 _d10355 |
||